| 000 | 00499nam a2200169 a 4500 | ||
|---|---|---|---|
| 005 | 20140412111320.0 | ||
| 008 | 060407s19uu xx 00 eng d | ||
| 020 | _a0-7214-1539-3 | ||
| 050 |
_aER _bGi43 1993 |
||
| 245 |
_aThe Gingerbread man / _cillustrated by Peter Stevenson. |
||
| 260 |
_aLeicestershire, UK : _bLadybird Books Ltd, _c1993. |
||
| 300 | _a1 v. (unp.) ; ill. | ||
| 440 | _aFavourite Tales | ||
| 520 | _aBased on a traditional folk tale | ||
| 650 | _aFolk tale | ||
| 999 |
_c104348 _d104348 |
||